Lampadine scoppiate /
Kaydedildi:
| Yazar: | |
|---|---|
| Materyal Türü: | Kitap |
| Dil: | İtalyanca |
| Baskı/Yayın Bilgisi: |
[Viterbo] :
Stampa alternativa,
s1994
|
| Seri Bilgileri: | Millelire
|
| Etiketler: |
Etiket eklenmemiş, İlk siz ekleyin!
|
MARC
| LEADER | 00000nam a22000007i 4500 | ||
|---|---|---|---|
| 001 | IT\ICCU\UBO\3330640 | ||
| 003 | ItRI | ||
| 005 | 20260115232257.0 | ||
| 008 | 071128s1994 it |||||| ||||| |||||c | ||
| 040 | |b ita |c importazione bologna sebina | ||
| 041 | 7 | |a ita |2 ISO-639-2 | |
| 100 | 1 | |a Chiavari, Gian Marco |0 IT\ICCU\CFIV\139617 |4 aut | |
| 245 | 1 | 0 | |a Lampadine scoppiate / |c Gian Marco Chiavari. |
| 260 | |a [Viterbo] : |b Stampa alternativa, |c s1994 | ||
| 300 | |a 1 v. : |b ill. ; |c 14 cm. | ||
| 830 | 0 | |a Millelire |0 IT\ICCU\RAV\0186200 | |
| 942 | |2 ddc |c BK |n 0 | ||
| 952 | |0 0 |1 0 |4 0 |6 DOC_853_914000000000000_CHI |7 0 |9 23442 |a BO |b BO |d 2026-01-15 |i 11584 |l 0 |o DOC 853.914 CHI |p BO11584 |r 2026-01-15 23:22:57 |w 2026-01-15 |x [Sebina 5] [1 v.] |y BK |z 1 v. | ||
| 999 | |c 19974 |d 19974 | ||